Memoria del primer congreso de historia del Derecho Mexicano.
Saved in:
| Main Author: | |
|---|---|
| Format: | Book |
| Language: | Spanish |
| Published: |
México, D.F., México:
Universidad Nacional Autónoma de México,
1981.
|
| Edition: | Primera edición. |
| Subjects: | |
| Tags: |
Add Tag
No Tags, Be the first to tag this record!
|
MARC
| LEADER | 00000nam a2200000 a 4500 | ||
|---|---|---|---|
| 001 | UCV0581 | ||
| 003 | CL-VaPUC | ||
| 005 | 20220822114319.0 | ||
| 008 | 881130e19810000MX |||||||||||||||||spa|d | ||
| 999 | |c 208969 |d 208967 | ||
| 020 | |a 968-58-0267-X | ||
| 040 | |c Pontificia Universidad Católica de Valparaíso | ||
| 082 | 0 | 4 | |a 349.72 MEM 1981 |2 21 |
| 100 | |a Bernal, Beatriz |9 618684 |e coordinación | ||
| 245 | 1 | 0 | |a Memoria del primer congreso de historia del Derecho Mexicano. |
| 250 | |a Primera edición. | ||
| 260 | |a México, D.F., México: |b Universidad Nacional Autónoma de México, |c 1981. | ||
| 300 | |a 217 páginas. | ||
| 500 | |a c.2 Donación Familia Prof. Alejandro Guzmán Brito. | ||
| 583 | |a last modification |c 19881130 00:00:00 |k Rodrigo Vera | ||
| 650 | 7 | |a Derecho |2 CL-VaPUC |9 295051 |x Historia |z México | |
| 942 | |c BK |2 ddc |n 0 | ||
| 945 | |d 19881130 00:00:00 | ||
| 952 | |0 0 |1 0 |2 ddc |4 0 |6 349_720000000000000_BER_1981 |7 0 |8 DER_HDC |9 184029 |a BIBDER |b BIBDER |d 2019-11-14 |i 2510065 |o 349.72 BER 1981 |p 2510065 |r 2023-01-25 |w 2019-11-14 |x Ubicación 4to Piso |y BK |z Estos recursos deben solicitarse con anticipación |k DER | ||
| 952 | |0 0 |1 0 |2 ddc |4 0 |6 349_720000000000000_BER_1981 |7 1 |8 C_AGB |9 580080 |a BIBDER |b BIBDER |d 2022-01-04 |e Donación |i 5634598 |o 349.72 BER 1981 |p 5634598 |r 2023-01-25 |t 2 |w 2022-01-04 |y BK_US |k AGB | ||